লোডিং...

Introduction to the Study of Literature

গ্রন্থ-পঞ্জীর বিবরন
প্রধান লেখক: Hudson
বিন্যাস: Printed Book
ভাষা:Malayalam
প্রকাশিত: Lyall Book dipo Lyall Book depot 1963
LEADER 00478nam a2200133Ia 4500
008 111205s9999 xx 000 0 mal d
082 |a 850.1 VAL/C 
100 |a Hudson 
245 |a Introduction to the Study of Literature  |c Hudson 
260 |b Lyall Book depot  |a Lyall Book dipo  |c 1963 
300 |a 0 
942 |c BK 
999 |c 214246  |d 214246 
952 |0 0  |1 0  |4 0  |6 850_100000000000000_VAL_C  |7 0  |9 236895  |a MAL  |b MAL  |c ST1  |d 1980-03-26  |g 7.00  |l 0  |o 850.1 VAL/C  |p MAL1401  |r 2015-04-13  |v 7.00  |w 2015-04-13  |y BK  |k 1.00